[Event "Helsingor Xtracon op"]
[Site "Helsingor"]
[Date "2019.07.24"]
[Round "6"]
[White "Lilja, Richard"]
[Black "Slettebo, Jan"]
[Result "1-0"]
[WhiteElo "2126"]
[BlackElo "1888"]
[PlyCount "105"]
[EventDate "2019.07.20"]
[EventType "swiss"]
[EventRounds "10"]
[EventCountry "DEN"]
[SourceTitle "CBM 191 Extra"]
[Source "ChessBase"]
[SourceDate "2019.09.30"]
[SourceVersion "1"]
[SourceVersionDate "2019.09.30"]
[SourceQuality "1"]

1. e4 e5 2. Nf3 Nc6 3. Bc4 Nf6 4. d3 Be7 5. 0-0 0-0 6. Re1 d6 7. c3 Na5 8. Bb5 Bd7 9. Bxd7 Qxd7 10. Nbd2 g6 11. Nf1 Nh5 12. h3 Nc6 13. Bh6 Rfe8 14. Qd2 Bf6 15. Ne3 Ne7 16. Ng4 Qe6 17. d4 Bh8 18. Ng5 Qc8 19. Qd1 c5 20. Qf3 f6 21. dxe5 dxe5 22. Qe2 c4 23. Nf3 Bg7 24. Bxg7 Kxg7 25. g3 Rd8 26. Rad1 Qc5 27. Kg2 b5 28. Rd2 a6 29. Red1 Qc7 30. Qe3 Rxd2 31. Qh6+ Kh8 32. Qxd2 Ra7 33. Ne3 Kg7 34. Ng1 Qc6 35. f3 Kf7 36. Ng4 Ng8 37. Ne2 Re7 38. Ne3 Ng7 39. Ng4 Ne6 40. Nc1 Nf8 41. Qd5+ Qxd5 42. Rxd5 Rd7 43. Ne3 Ne7 44. Rxd7 Nxd7 45. a4 Nc5 46. axb5 axb5 47. Kf2 Ke6 48. Ke2 f5 49. exf5+ Nxf5 50. Nxf5 Kxf5 51. Kd2 e4 52. f4 h5 53. Ne2 1-0

[Event "Helsingor Xtracon op"]
[Site "Helsingor"]
[Date "2017.07.28"]
[Round "8"]
[White "Slettebo, Jan"]
[Black "Leutwyler, Martin"]
[Result "0-1"]
[WhiteElo "2021"]
[BlackElo "2198"]
[PlyCount "53"]
[EventDate "2017.07.22"]
[EventType "swiss"]
[EventRounds "10"]
[EventCountry "DEN"]
[SourceTitle "CBM 179 Extra"]
[Source "ChessBase"]
[SourceDate "2017.08.23"]
[SourceVersion "1"]
[SourceVersionDate "2017.08.23"]
[SourceQuality "1"]

1. e4 c6 2. d4 d5 3. e5 Bf5 4. g4 Bd7 5. h3 c5 6. Be3 e6 7. c3 cxd4 8. Bxd4 Nc6 9. Nf3 Rc8 10. Nbd2 Nge7 11. Qe2 Ng6 12. Qe3 Be7 13. Nb3 0-0 14. g5 Nxd4 15. Nbxd4 Bc5 16. h4 b5 17. Bd3 b4 18. cxb4 Bxb4+ 19. Kf1 Bc5 20. h5 Ne7 21. Qf4 Qb6 22. h6 f5 23. hxg7 Rf7 24. g6 Nxg6 25. Qh6 Rxg7 26. Ng5 Bxd4 27. Nxh7 0-1

[Event "Helsingor Xtracon op"]
[Site "Helsingor"]
[Date "2017.07.27"]
[Round "7"]
[White "Slettebo, Jan"]
[Black "Madison, Sigurd"]
[Result "1-0"]
[WhiteElo "2021"]
[BlackElo "1736"]
[PlyCount "43"]
[EventDate "2017.07.22"]
[EventType "swiss"]
[EventRounds "10"]
[EventCountry "DEN"]
[SourceTitle "CBM 179 Extra"]
[Source "ChessBase"]
[SourceDate "2017.08.23"]
[SourceVersion "1"]
[SourceVersionDate "2017.08.23"]
[SourceQuality "1"]

1. e4 e5 2. Nf3 d6 3. d4 Qe7 4. Nc3 Nf6 5. Bg5 c6 6. h3 h6 7. Be3 Nbd7 8. Qd3 exd4 9. Bxd4 d5 10. e5 c5 11. 0-0-0 cxd4 12. exf6 Nxf6 13. Qxd4 Be6 14. Bb5+ Kd8 15. Bc4 Kc7 16. Bxd5 Qc5 17. Bxe6 fxe6 18. Rhe1 Re8 19. Re5 Qb4 20. Nb5+ Kc8 21. Qxa7 Nd7 22. Rxd7 1-0

[Event "Helsingor Xtracon op"]
[Site "Helsingor"]
[Date "2017.07.24"]
[Round "4"]
[White "Christensen, Thomas1111"]
[Black "Slettebo, Jan"]
[Result "1-0"]
[WhiteElo "2229"]
[BlackElo "2021"]
[PlyCount "47"]
[EventDate "2017.07.22"]
[EventType "swiss"]
[EventRounds "10"]
[EventCountry "DEN"]
[SourceTitle "CBM 179 Extra"]
[Source "ChessBase"]
[SourceDate "2017.08.23"]
[SourceVersion "1"]
[SourceVersionDate "2017.08.23"]
[SourceQuality "1"]

1. Nc3 e5 2. e4 Nf6 3. f4 d5 4. fxe5 Nxe4 5. Qf3 Nxc3 6. bxc3 Be7 7. d4 c5 8. Bb5+ Nc6 9. Ne2 0-0 10. 0-0 Be6 11. Qh5 Qd7 12. h3 a6 13. Bxc6 Qxc6 14. Rf3 f6 15. Bf4 Qe8 16. Qxe8 Raxe8 17. Raf1 Bd7 18. Ng3 fxe5 19. Bxe5 Rxf3 20. Rxf3 g6 21. Nf1 Bf5 22. Ne3 Be4 23. Rf2 Rf8 24. Re2 1-0

[Event "Helsingor Xtracon op"]
[Site "Helsingor"]
[Date "2016.07.27"]
[Round "6"]
[White "Opasiak, Dustin Tennessee"]
[Black "Slettebo, Jan"]
[Result "0-1"]
[WhiteElo "1807"]
[BlackElo "2022"]
[PlyCount "148"]
[EventDate "2016.07.23"]
[EventType "swiss"]
[EventRounds "10"]
[EventCountry "DEN"]
[SourceTitle "CBM 173 Extra"]
[Source "ChessBase"]
[SourceDate "2016.08.29"]
[SourceVersion "1"]
[SourceVersionDate "2016.08.29"]
[SourceQuality "1"]

1. e4 e5 2. Nf3 Nc6 3. Bb5 Nge7 4. Nc3 g6 5. d4 exd4 6. Nd5 Bg7 7. Bg5 h6 8. Bf6 Bxf6 9. Nxf6+ Kf8 10. Qd2 a6 11. Bc4 d6 12. 0-0-0 Ne5 13. Nxe5 dxe5 14. f4 Nc6 15. Nd5 Be6 16. fxe5 Nxe5 17. Qxd4 Qd6 18. Bb3 Bg4 19. Rd2 Rd8 20. Qc3 c6 21. Ne3 Qxd2+ 22. Qxd2 Rxd2 23. Kxd2 Ke7 24. Nxg4 Nxg4 25. Rf1 Rd8+ 26. Ke2 f6 27. h3 Ne5 28. Rd1 Rxd1 29. Kxd1 Kd6 30. Ke2 Nd7 31. Ke3 Ke5 32. Bf7 g5 33. b4 Nb6 34. Bb3 Nc8 35. Bc4 Nd6 36. Bd3 b5 37. g3 Nb7 38. c4 Nd6 39. cxb5 cxb5 40. g4 Nc8 41. Bc2 Ne7 42. a4 Nc6 43. axb5 axb5 44. Bd3 Nxb4 45. Bxb5 Nc2+ 46. Kd3 Ne1+ 47. Ke3 Ng2+ 48. Kf3 Nf4 49. Bf1 Kd4 50. h4 Ng6 51. h5 Ne5+ 52. Kg3 Kxe4 53. Ba6 Ke3 54. Bb7 Nc4 55. Bc8 Nd6 56. Bd7 Ne4+ 57. Kh3 Kf4 58. Kg2 Ng3 59. Bc8 f5 60. gxf5 Nxh5 61. Bd7 Nf6 62. Be6 g4 63. Bc8 h5 64. Be6 h4 65. Bc8 Kg5 66. Be6 h3+ 67. Kg3 Ne4+ 68. Kh2 Kh4 69. Bd5 g3+ 70. Kg1 Nf6 71. Bb7 Ng4 72. Bc8 h2+ 73. Kh1 Nf2+ 74. Kg2 h1Q# 0-1

[Event "Helsingor Xtracon op"]
[Site "Helsingor"]
[Date "2016.07.26"]
[Round "5"]
[White "Slettebo, Jan"]
[Black "Hoyer, Jacob"]
[Result "0-1"]
[WhiteElo "2022"]
[BlackElo "2212"]
[PlyCount "54"]
[EventDate "2016.07.23"]
[EventType "swiss"]
[EventRounds "10"]
[EventCountry "DEN"]
[SourceTitle "CBM 173 Extra"]
[Source "ChessBase"]
[SourceDate "2016.08.29"]
[SourceVersion "1"]
[SourceVersionDate "2016.08.29"]
[SourceQuality "1"]

1. e4 c5 2. Nf3 d6 3. d4 cxd4 4. Nxd4 Nf6 5. Nc3 g6 6. Be3 Bg7 7. f3 Nc6 8. Qd2 0-0 9. Bc4 Bd7 10. 0-0-0 Rc8 11. Bb3 Ne5 12. Kb1 Nc4 13. Bxc4 Rxc4 14. g4 b5 15. Nde2 b4 16. Nd5 Nxd5 17. exd5 Qc7 18. Bd4 Rc8 19. Rc1 a5 20. Bxg7 Kxg7 21. h4 f6 22. h5 Be8 23. Nf4 Rxf4 24. Qxf4 Qc4 25. Qxc4 Rxc4 26. h6+ Kf8 27. Rhe1 Bf7 0-1

[Event "Helsingor Xtracon op"]
[Site "Helsingor"]
[Date "2016.07.25"]
[Round "4"]
[White "Lercel, Michal"]
[Black "Slettebo, Jan"]
[Result "1/2-1/2"]
[WhiteElo "2265"]
[BlackElo "2022"]
[PlyCount "82"]
[EventDate "2016.07.23"]
[EventType "swiss"]
[EventRounds "10"]
[EventCountry "DEN"]
[SourceTitle "CBM 173 Extra"]
[Source "ChessBase"]
[SourceDate "2016.08.29"]
[SourceVersion "1"]
[SourceVersionDate "2016.08.29"]
[SourceQuality "1"]

1. Nf3 Nc6 2. d4 d5 3. c4 e5 4. cxd5 Qxd5 5. Nc3 Bb4 6. Bd2 Bxc3 7. Bxc3 e4 8. Ne5 e3 9. f3 Nge7 10. g3 Be6 11. Bg2 0-0-0 12. 0-0 Nxd4 13. f4 Qc5 14. Nd3 Qc4 15. Rc1 Nxe2+ 16. Qxe2 Qxd3 17. Qxd3 Rxd3 18. Bxg7 Rg8 19. Be5 Rd7 20. Rfe1 Nf5 21. Be4 h5 22. Bxf5 Bxf5 23. Rxe3 c6 24. Bc3 Be6 25. Kf2 b6 26. a3 Kb7 27. Re5 Rd5 28. Rce1 Rgd8 29. Rxd5 Rxd5 30. Re5 Rxe5 31. Bxe5 c5 32. Ke3 Bf5 33. Kd2 Kc6 34. Kc3 a6 35. b4 Kd5 36. Bc7 b5 37. bxc5 Kxc5 38. Bd8 Kd5 39. Kb4 Bd3 40. a4 bxa4 41. Kxa4 Ke4 1/2-1/2

[Event "Helsingor Xtracon op"]
[Site "Helsingor"]
[Date "2016.07.24"]
[Round "2"]
[White "Buchal, Stephan"]
[Black "Slettebo, Jan"]
[Result "1-0"]
[WhiteElo "2338"]
[BlackElo "2022"]
[PlyCount "31"]
[EventDate "2016.07.23"]
[EventType "swiss"]
[EventRounds "10"]
[EventCountry "DEN"]
[SourceTitle "CBM 173 Extra"]
[Source "ChessBase"]
[SourceDate "2016.08.29"]
[SourceVersion "1"]
[SourceVersionDate "2016.08.29"]
[SourceQuality "1"]

1. c4 e5 2. g3 c6 3. d4 exd4 4. Qxd4 d5 5. Nf3 Nf6 6. Bg2 Be7 7. cxd5 cxd5 8. 0-0 0-0 9. Nc3 Nc6 10. Qa4 Bc5 11. Bg5 h6 12. Bxf6 Qxf6 13. Rfd1 Be6 14. Qb5 Bd4 15. Nxd4 Nxd4 16. Qa4 1-0

[Event "Helsingor Xtracon op"]
[Site "Helsingor"]
[Date "2016.07.24"]
[Round "3"]
[White "Slettebo, Jan"]
[Black "Larsen, Hans Haagen"]
[Result "1-0"]
[WhiteElo "2022"]
[BlackElo "1752"]
[PlyCount "55"]
[EventDate "2016.07.23"]
[EventType "swiss"]
[EventRounds "10"]
[EventCountry "DEN"]
[SourceTitle "CBM 173 Extra"]
[Source "ChessBase"]
[SourceDate "2016.08.29"]
[SourceVersion "1"]
[SourceVersionDate "2016.08.29"]
[SourceQuality "1"]

1. e4 e6 2. d4 d5 3. Nc3 Bb4 4. e5 c5 5. Nf3 Nc6 6. dxc5 d4 7. a3 Bxc3+ 8. bxc3 Qa5 9. Bd3 Nge7 10. 0-0 dxc3 11. Re1 Nd5 12. Rb1 Qxc5 13. Ng5 h6 14. Ne4 Qe7 15. Nd6+ Kf8 16. Be4 Nxe5 17. Nxc8 Rxc8 18. Bxd5 exd5 19. f4 Qc5+ 20. Be3 Qxa3 21. fxe5 Rd8 22. Rxb7 Qa6 23. Rxa7 Qc4 24. Bd4 Rh7 25. e6 Re8 26. Rxf7+ Kg8 27. Qg4 g5 28. Rxh7 1-0

[Event "Copenhagen Challenge"]
[Site "Ballerup"]
[Date "2016.04.24"]
[Round "9"]
[White "Holmstrom, Johan Ravnborg"]
[Black "Slettebo, Jan"]
[Result "1/2-1/2"]
[WhiteElo "1932"]
[BlackElo "2030"]
[PlyCount "59"]
[EventDate "2016.04.20"]
[EventType "swiss"]
[EventRounds "9"]
[EventCountry "DEN"]
[SourceTitle "CBM 172 Extra"]
[Source "ChessBase"]
[SourceDate "2016.06.21"]
[SourceVersion "1"]
[SourceVersionDate "2016.06.21"]
[SourceQuality "1"]

1. d4 d5 2. Nf3 Nc6 3. Bf4 Bg4 4. Nbd2 e6 5. h3 Bf5 6. c3 Bd6 7. Ne5 Nxe5 8. dxe5 Bc5 9. g4 Bg6 10. Bg2 c6 11. Qb3 Qb6 12. 0-0 Ne7 13. Rac1 0-0 14. Qxb6 Bxb6 15. Nf3 Be4 16. Nd2 Bxg2 17. Kxg2 Ng6 18. Bg3 f5 19. exf6 Rxf6 20. e3 e5 21. Nf3 Re8 22. Rcd1 Bc7 23. Ng1 Rf7 24. Rd2 e4 25. Re2 Bxg3 26. Kxg3 Ne5 27. f4 exf3 28. Nxf3 Nc4 29. Rfe1 Nd6 30. Nd2 1/2-1/2

[Event "Copenhagen Challenge"]
[Site "Ballerup"]
[Date "2014.05.18"]
[Round "9"]
[White "Slettebo, Jan"]
[Black "Roneid, Heidi"]
[Result "0-1"]
[WhiteElo "2040"]
[BlackElo "1656"]
[PlyCount "56"]
[EventDate "2014.05.14"]
[EventType "swiss"]
[EventRounds "9"]
[EventCountry "DEN"]
[SourceTitle "CBM 160 Extra"]
[Source "ChessBase"]
[SourceDate "2014.07.01"]
[SourceVersion "1"]
[SourceVersionDate "2014.07.01"]
[SourceQuality "1"]

1. e4 c5 2. Nf3 d6 3. d4 cxd4 4. Nxd4 Nf6 5. Nc3 g6 6. Be3 Bg7 7. f3 0-0 8. Qd2 Nc6 9. Bc4 Bd7 10. 0-0-0 Rc8 11. Bb3 Nxd4 12. Bxd4 b5 13. Bxa7 b4 14. Nd5 Nxd5 15. Bxd5 Qa5 16. Bd4 Be6 17. Bxg7 Kxg7 18. Kb1 Bxd5 19. Qxd5 Rc5 20. Qb3 Rfc8 21. Rd5 Qb6 22. Qe3 Qc7 23. Rxc5 dxc5 24. c4 Rd8 25. h4 Qg3 26. Qxc5 Qxg2 27. Qe5+ Kg8 28. Qh2 Qxf3 0-1

[Event "Copenhagen Challenge"]
[Site "Ballerup"]
[Date "2014.05.17"]
[Round "6"]
[White "Nielsen, Viktor Haarmark"]
[Black "Slettebo, Jan"]
[Result "1-0"]
[WhiteElo "2029"]
[BlackElo "2040"]
[PlyCount "69"]
[EventDate "2014.05.14"]
[EventType "swiss"]
[EventRounds "9"]
[EventCountry "DEN"]
[SourceTitle "CBM 160 Extra"]
[Source "ChessBase"]
[SourceDate "2014.07.01"]
[SourceVersion "1"]
[SourceVersionDate "2014.07.01"]
[SourceQuality "1"]

1. e4 e5 2. Nf3 Nc6 3. Bb5 Nge7 4. 0-0 g6 5. c3 Bg7 6. d4 exd4 7. cxd4 a6 8. Ba4 b5 9. Bc2 d6 10. h3 0-0 11. Nc3 h6 12. d5 Na5 13. Nd4 Bb7 14. Kh1 c5 15. dxc6 Naxc6 16. Nxc6 Bxc6 17. Bb3 Kh7 18. Nd5 f5 19. Nxe7 Qxe7 20. Bd5 Rac8 21. Bxc6 Rxc6 22. exf5 Rxf5 23. Rb1 Qf7 24. Qb3 Rc4 25. Be3 d5 26. f3 d4 27. Bg1 Qd7 28. Rbd1 Be5 29. Rfe1 Rh5 30. f4 Bg7 31. Re4 Rd5 32. Qd3 Qc6 33. Rde1 Rd7 34. Re6 Qd5 35. Qxg6+ 1-0